1026 1558 1050 1777 1102 1601 1860 1879 1320 1439 1547 1894 1894 1327 1201 1042 1518 1236 1037 1317 1338 1699 1444 1180 1736 1013 1818 1666 1327 1291 1400 1757 1935 1486 1006 1111 1720 1543 1387 1929 1342 1406 1849 1871 1066 1705 1497 1383 1454 1403 1672 1805 1324 1556 1070 1834 1427 1572 1312 1452 1606 1845 1618 1534 1097 1533 1450 1160 1685 1485 1202 1168 1559 1905 1183 1250 1514 1892 1323 1204 1361 1189 1074 1585 1066 1515 1389 1898 1423 1819 1159 1396 1163 1806 1713 1907 1747 1885 1445 BCNSPRNW ULIB Ver.6.0+V

เปลี่ยนเป็นภาษาไทย

Change to English
 แสดงรายละเอียดบรรณานุกรม
  กลับหน้าหลัก

Brief Record : Get Marc (ISO 2709) : E-mail record : QR code < ปิดหน้าต่าง
LEADER : 00000nam 2200000uu 4500
001    13399129105
003     ULIB
008    250717s2567||||th 000 0 tha d
020    ^a9786168305195
050 1  ^aTR899^bก918ส
100 0  ^aกฤษณะ ภักดีพงษ์.
245 0   ^aสร้างสรรค์งาน Graphic design ให้บรรเจิด ด้วย Canva พร้อมสร้าง AI สารพัดนึก /^cกฤษณะ ภักดีพงษ์.
246 3   ^aCanva.
250    ^aพิมพ์ครั้งที่ 1.
260    ^aกรุงเทพฯ :^bวิตตี้กรุ๊ป, ^c2567.
300    ^a280 หน้า :^bภาพประกอบ ;^c19 ซม.
505 0  ^a01 Canva เครื่องมือกราฟิกที่ครบเครื่อง -- 02 แนะนำฟีเจอร์น่าสนใจ และเครื่องมือที่มีให้ใช้ -- 03 ใช้คำสั่งต่าง ๆ เพื่อทำงานและจัดการงานดีไซน์ -- 04 สร้างงานกราฟิกง่าย, รวดเร็ว และสวยแบบมืออาชีพ -- 05 สร้างงานนำเสนอ, Infographic, Mindmap และใช้งาน Whiteboard -- 06 สมัคร Canva Pro ใช้ฟีเจอร์มืออาชีพ -- 07 ให้ Generative Al ช่วยดีไซน์ ด้วย Magic Studio -- 08 สร้างเว็บไซต์ใช้ฟรีที่ Canva -- 09 สร้างงานเอกสาร, PDF, ใบสมัครงาน, แฟ้มสะสมผลงาน และ E-Book -- 10 ดีไซน์กราฟิกต่าง ๆ สำหรับงานพิมพ์ ฯลฯ
505 0  ^aCanva เครื่องมือกราฟิกที่ครบเครื่อง -- แนะนำฟีเจอร์น่าสนใจและเครื่องมือที่มีให้ใช้ -- ใช้คำสั่งต่างๆ เพื่อทำงานและจัดการงานดีไซน์ -- สร้างงานกราฟิกง่าย, รวดเร็ว และสวยแบบมืออาชีพ -- สร้างงานนำเสนอ, Infographic, Mindmap และใช้งาน Whiteboard -- สมัคร Canva Pro ใช้ฟีเจอร์มืออาชีพ -- ให้ Generative AI ช่วยดีไซน์ ด้วย Magic studio -- สร้างเว็บไซต์ใช้ฟรีที่ Canva -- สร้างงานเอกสาร, PDF, ใบสมัครงาน, แฟ้มสะสมผลงาน และ E-book -- ดีไซน์กราฟิกต่างๆ สำหรับงานพิมพ์ -- สร้างวิดีโอ, ตัดต่อคลิป, และวิดีโอสำหรับโซเชียลมีเดีย -- ดีไซน์กราฟิกสำหรับโซเชียลมีเดียและ YouTube -- แนะนำเครื่องมืออื่นๆ ที่น่าสนใจใน Canva -- แนะนำแอป Generative AI ยกระดับไอเดียให้งานดีไซน์ -- ไอเดียใช้ Canva หารายได้.
505 0  ^a ^tCanva เครื่องมือกราฟิกที่ครบเครื่อง -- แนะนำฟีเจอร์น่าสนใจและเครื่องมือที่มีให้ใช้ -- ใช้คำสั่งต่างๆ เพื่อทำงานและจัดการงานดีไซน์ -- สร้างงานกราฟิกง่าย, รวดเร็ว และสวยแบบมืออาชีพ -- สร้างงานนำเสนอ, Infographic, Mindmap และใช้งาน Whiteboard -- สมัคร Canva Pro ใช้ฟีเจอร์มืออาชีพ -- ให้ Generative AI ช่วยดีไซน์ด้วย Magic Studio -- สร้างเว็บไซต์ใช้ฟรีที่ Canva -- สร้างงานเอกสาร, PDF, ใบสมัครงาน, แฟ้มสะสมผลงาน และ E-Book -- ดีไซน์กราฟิกต่างๆ สำหรับงานพิมพ์ -- สร้างวิดีโอ, ตัดต่อคลิป, และวิดีโอสำหรับโซเชียลมีเดีย -- ดีไซน์กราฟิกสำหรับโซเชียลมีเดียและ Youtube -- แนะนำเครื่องมืออื่นๆ ที่น่าใจใน Canva -- แนะนำแอป Generative AI ยกระดับไอเดียให้งานดีไซน์ -- ไอเดียใช้ Canva หารายได้.
505 2  ^aCanva เครื่องมือกราฟิกที่ครบเครื่อง -- ^tแนะนำฟีเจอร์น่าสนใจและเครื่องมือที่มีให้ใช้ -- ^tใช้คำสั่งต่างๆ เพื่อทำงานและจัดการงานดีไซน์ -- ^tสร้างงานกราฟิกง่าย, รวดเร็ว และสวยแบบมืออาชีพ -- ^tสร้างงานนำเสนอ, Infographic, Mindmap และใช้งาน Whiteboard -- ^tสมัคร Canva Pro ใช้ฟีเจอร์มืออาชีพ -- ^tให้ Generative AI ช่วยดีไซน์ด้วย Magic Studio -- ^tสร้างเว็บไซต์ใช้ฟรีที่ Canva -- ^tสร้างงานเอกสาร, PDF, ใบสมัครงาน, แฟ้มสะสมผลงาน และ E-Book -- ดีไซน์กราฟิกต่างๆ สำหรับงานพิมพ์ -- สร้างวิดีโอ, ตัดต่อคลิป, และวิดีโอสำหรับโซเชียลมีเดีย -- ^tดีไซน์กราฟิกสำหรับโซเชียลมีเดียและ Youtube -- ^tแนะนำเครื่องมืออื่นๆ ที่น่าใจใน Canva -- ^tแนะนำแอป Generative AI ยกระดับไอเดียให้งานดีไซน์ -- ^tไอเดียใช้ Canva หารายได้.
505 2  ^aCanva เครื่องมือกราฟิกที่ครบเครื่อง -- แนะนำฟีเจอร์น่าสนใจและเครื่องมือที่มีให้ใช้ -- ใช้คำสั่งต่างๆ เพื่อทำงานและจัดการงานดีไซน์ -- สร้างงานกราฟิกง่าย, รวดเร็ว และสวยแบบมืออาชีพ -- สร้างงานนำเสนอ, Infographic, Mindmap และใช้งาน Whiteboard -- สมัคร Canva Pro ใช้ฟีเจอร์มืออาชีพ -- ให้ Generative AI ช่วยดีไซน์ด้วย Magic Studio -- สร้างเว็บไซต์ใช้ฟรีที่ Canva -- สร้างงานเอกสาร, PDF, ใบสมัครงาน, แฟ้มสะสมผลงาน และ E-Book -- ดีไซน์กราฟิกต่างๆ สำหรับงานพิมพ์ -- สร้างวิดีโอ, ตัดต่อคลิป, และวิดีโอสำหรับโซเชียลมีเดีย -- ดีไซน์กราฟิกสำหรับโซเชียลมีเดียและ Youtube -- แนะนำเครื่องมืออื่นๆ ที่น่าใจใน Canva -- แนะนำแอป Generative AI ยกระดับไอเดียให้งานดีไซน์ -- ไอเดียใช้ Canva หารายได้
505 2  ^aสารบัญ : Canva เครื่องมือกราฟิกที่ครบเครื่อง -- แนะนำฟีเจอร์น่าสนใจและเครื่องมือที่มีให้ใช้ -- ใช้คำสั่งต่างๆเพื่อทำงานและจัดการงานดีไซน์ -- สร้างงานกราฟิกง่าย, รวดเร็วและสวยแบบมืออาชีพ -- สร้างงานนำเสนอ, Inforaphic, Mindmap และใช้งาน Whiteboard -- สมัคร Canva pro ใช้ฟีเจอร์มืออาชีพ -- ให้ Generative AL ช่วยดีไซน์ ด้วย Magic Studio -- สร้างเว็บไซต์ใช้ฟรีที่ Canva -- สร้างงานเอกสาร, PDF, ใบสมัครงาน, แฟ้มสะสมผลงาน และ E-Book -- ดีไซน์กราฟิกต่างๆ สำหรับงานพิมพ์ -- สร้างวิดีโอ, ตัดต่อคลิป, และวีดิโอสำหรับโซเชียลมีเดีย -- ดีไซน์กราฟิกสำหรับโซเชียลมีเดียและ Youtube -- แนะนำเครื่องมืออื่นๆที่น่าสนใจใน Canva -- แนะนำแอป Generative AI ยกระดับไอเดียให้งานดีไซน์ -- ไอเดียใช้ Canva หารายได้
505 2  ^a^tCanva เครื่องมือกราฟิกที่ครบเครื่อง -- แนะนำฟีเจอร์น่าสนใจและเครื่องมือที่มีให้ใช้ -- ใช้คำสั่งต่างๆ เพื่อทำงานและจัดการงานดีไซน์ -- สร้างงานกราฟิกง่าย, รวดเร็วและสวยแบบมืออาชีพ -- สร้างงานนำเสนอ, Infographic, mindmap และใช้งาน Whitedoard -- สมัคร Canva pro ใช้ฟีเจอร์มืออาชีพ -- ให้ Generative AI ช่วยดีไซน์ ด้วย Magic studio -- สร้างเว็บไซต์ใช้ฟรีที่ Canva -- สร้างงานเอกสาร, PDF, ใบสมัคร, แฟ้มสะสมผลงาน และ E-book -- ดีไซน์กราฟิกต่างๆ สำหรับงานพิมพ์ -- สร้างวิดีโอ, ตัดต่อคลิป, และวิดีโอสำหรับโซเซียลมีเดีย -- ดีไซน์กราฟิกสำหรับโซเซียลมีเดียและ YouTude -- แนะนำเครื่องมืออื่นๆ ที่น่าสนใจใน Canva -- แนะนำแอป Generative AI ยกระดับไอเดียให้งานดีไซน์ -- ไอเดียใช้ Canva หารายได้.
520    ^aaCanva เป็นเครื่องมือช่วยออกแบบงานกราฟิก ที่กำลังได้รับความนิยมสูงในปัจจุบัน เพราะสามารถสร้างสรรค์ผลงานกราฟิกดีไซน์ที่สวยงามสารพัดรูปแบบอย่างง่ายดายและน่าประทับใจ ทั้งกราฟิกที่ใช้ในลักษณะออนไลน์ อย่างโซเชียลมีเดีย, เว็บไซต์, วิดีโอ และใช้ในลักษณะออฟไลน์ เช่น งานด้านเอกสาร, สิ่งพิมพ์ และอื่นๆ และยังสามารถใช้ AI เป็นตัวช่วยเสริม เพื่อให้ได้ผลงานกราฟิกดีไซน์ที่ก้าวหน้าขึ้นไปอีกขั้นหนังสือเล่มนี้จะพาผู้อ่านไปพบกับ Canva ตั้งแต่การทำความรู้จักส่วนประกอบต่างๆ, การใช้คำสั่งเพื่อทำงานและจัดการงานกราฟิก ตั้งแต่ระดับพื้นฐานจนถึงระดับมืออาชีพ, การใช้ชุดเครื่องมือ Magic Studio ซึ่งนำ AI มาช่วยยกระดับงานดีไซน์ ฯลฯ หรือแม้กระทั่งการใช้ Canva ช่วยหารายได้อีกต่างหาก.
650  4 ^aการสร้างภาพเคลื่อนไหวด้วยคอมพิวเตอร์.
650  7 ^aการสร้างภาพเคลื่อนไหวด้วยคอมพิวเตอร์^2tshd
650  7 ^aการออกแบบกราฟิก^2tshd
650  7 ^aการออกแบบกราฟิก^xโปรแกรมคอมพิวเตอร์
650  7 ^aคอมพิวเตอร์กราฟ ^xโปรแกรมคอมพิวเตอร์
650  7 ^aคอมพิวเตอร์กราฟิก^xโปรแกรมคอมพิวเตอร์^2tshd
650  7 ^aแคนวา (โปรแกรมคอมพิวเตอร์)^2tshd
650  7 ^aปัญญาประดิษฐ์
650  7 ^aปัญญาประดิษฐ์^2tshd
650 0  ^aการออกแบบกราฟิก.
650 0  ^aคอมพิวเตอร์กราฟิก ^xโปรแกรมคอมพิวเตอร์.
650 0  ^aแคนวา (โปรแกรมคอมพิวเตอร์).
651  4 ^aแคนวา (โปรแกรมคอมพิวเตอร์)
651  7 ^aการออกแบบกราฟิก
653    ^aคณะศิลปกรรมศาสตร์^aสาขาวิชาศิลปะการออกแบบ.
653    ^aคณะศึกษาศาสตร์^aสาขาวิชาการสอนวิทยาศาสตร์ คณิตศาสตร์ และคอมพิวเตอร์.
655  4 ^aAI.
655  4 ^aScience and Technology Branch.
945    ^p249^l0^i011862
999    ^aประนอม เกษจรัล
รายการนี้ยังไม่มีแท็ก
คุณยังไม่ได้ล็อกอิน คุณสามารถมีกิจกรรมร่วมกับเว็บไซต์ได้ แต่ต้องล็อกอินก่อน ::
  ล็อกอิน

รายการสื่อสารสนเทศ

ลำดับที่ ประเภท เลขเรียก/บาร์โค้ด สถานที่ สถานะ
1. การศึกษาทั่วไป
หนังสือสำรอง
สถานะ=หนังสือสำรอง
TR899 ก918ส ฉ.1 
  Barcode: 011862
ห้องสมุดวิทยาเขตสวรรค์ประชารักษ์
►หนังสือทั่วไป
บนชั้น

รายการใกล้เคียง
    หัวเรื่อง [ปัญญาประดิษฐ์]
    หัวเรื่อง [แคนวา (โปรแกรมคอมพิวเตอร์).]

BibComment


ยังไม่เคยถูกคอมเมนท์

คอมเมนท์ทรัพยากรรายการนี้
  คอมเมนท์: สร้างสรรค์งาน G..


 Copyright 2026. Bcnsprnw @Library